[Event "Ustron op-C"]
[Site "Ustron"]
[Date "2021.08.15"]
[Round "3"]
[White "Wnuk, Piotr"]
[Black "Wiercigroch, Grzegorz"]
[Result "1/2-1/2"]
[WhiteElo "1381"]
[BlackElo "1564"]
[PlyCount "94"]
[EventDate "2021.08.13"]
[EventType "swiss"]
[EventRounds "9"]
[EventCountry "POL"]
[SourceTitle "EXT 2022"]
[Source "ChessBase"]
[SourceDate "2021.10.06"]
[SourceVersion "1"]
[SourceVersionDate "2021.10.06"]
[SourceQuality "1"]

1. b4 e5 2. a3 d5 3. Bb2 Bd6 4. e3 Nf6 5. c4 c6 6. Nf3 Qe7 7. d4 e4 8. Nfd2 0-0 9. Nc3 Ng4 10. g3 Be6 11. cxd5 cxd5 12. Be2 Nf6 13. h4 Nbd7 14. Na4 b6 15. g4 Ne8 16. Nxe4 dxe4 17. d5 Bxd5 18. Qxd5 Nef6 19. Qb3 Be5 20. g5 Bxb2 21. Nxb2 Ne8 22. Rd1 a5 23. Qd5 Rd8 24. bxa5 Qxa3 25. Nc4 Qb4+ 26. Qd2 bxa5 27. Nxa5 Qb6 28. Nc4 Qe6 29. Qd5 Nc7 30. Qxe6 Nxe6 31. Nd6 Nec5 32. 0-0 Ne5 33. Rd5 Nf3+ 34. Bxf3 exf3 35. Rxc5 Rxd6 36. Rf5 h6 37. Rxf3 hxg5 38. hxg5 Rg6 39. Rg3 f6 40. f4 fxg5 41. Rxg5 Rxg5+ 42. fxg5 Re8 43. Kf2 Rf8+ 44. Ke2 Rxf1 45. Kxf1 Kf7 46. Kf2 Kg6 47. Kf3 Kxg5 1/2-1/2

[Event "POL-chT4 Kujawsko-Pomorskie 1617"]
[Site "Poland"]
[Date "2016.11.20"]
[Round "2"]
[White "Jahr, Ulrich1111"]
[Black "Wnuk, Piotr"]
[Result "1-0"]
[WhiteElo "1577"]
[BlackElo "1183"]
[PlyCount "71"]
[EventDate "2016.11.06"]
[EventType "team-tourn"]
[EventRounds "11"]
[EventCountry "POL"]
[SourceTitle "EXT 2019"]
[Source "ChessBase"]
[SourceDate "2018.10.10"]
[SourceVersion "1"]
[SourceVersionDate "2018.10.10"]
[SourceQuality "1"]

1. Nf3 d5 2. c4 Nf6 3. d4 e6 4. e3 c5 5. Nc3 Nc6 6. dxc5 Bxc5 7. a3 a6 8. cxd5 Nxd5 9. Nxd5 Qxd5 10. Qxd5 exd5 11. b4 Bb6 12. Bb2 f6 13. Rd1 Be6 14. Bd3 0-0 15. Bc2 Rac8 16. Bb3 Rfd8 17. 0-0 Bf7 18. Rd2 Rd6 19. Rfd1 Rcd8 20. Kf1 Ne7 21. Nd4 Nc6 22. Nf3 Ne7 23. e4 Bc7 24. e5 R6d7 25. exf6 Nc6 26. fxg7 Bf4 27. Rd3 Bh6 28. Bf6 Re8 29. Bxd5 Bxg7 30. Bxf7+ Rxf7 31. Bxg7 Kxg7 32. Rd7 b5 33. Rxf7+ Kxf7 34. Rd7+ Kg6 35. Rd6+ Kf5 36. Rxc6 1-0